| 000 | 02100cam a22004217i 4500 | ||
|---|---|---|---|
| 999 |
_c28545 _d28516 |
||
| 001 | 18079814 | ||
| 003 | EG-ScBUE | ||
| 005 | 20200809113804.0 | ||
| 008 | 140325t2014 enka f 000 0 eng d | ||
| 020 | _a9781408171790 | ||
| 020 | _a1408171791 | ||
| 035 | _a(OCoLC)ocn869776409 | ||
| 040 |
_aAU@ _beng _erda _cAU@ _dNDD _dDLC _dEG-ScBUE |
||
| 082 | 0 | 4 |
_a741.6 _bBRA _222 |
| 100 | 1 |
_aBrazell, Derek, _eauthor. |
|
| 245 | 1 | 0 |
_aUnderstanding illustration / _cDerek Brazell and Jo Davies. |
| 264 | 1 |
_aLondon : _bBloomsbury Visual Arts, _c[2014] |
|
| 264 | 4 | _c©2014 | |
| 300 |
_a175 pages : _billustrations (chiefly colour) ; _c28 cm |
||
| 336 |
_atext _btxt _2rdacontent |
||
| 336 |
_astill image _bsti _2rdacontent |
||
| 337 |
_aunmediated _bn _2rdamedia |
||
| 338 |
_avolume _bnc _2rdacarrier |
||
| 520 | _aMany illustration books have minimal or no information surrounding their pictures. Understanding Illustration shows a selection of work by 37 artists with an analytical and much more in-depth approach, showing how illustrators communicate through their images in order to narrate a story or stimulate thought. Meaning Through Illustration offers both glorious images as well as informative text, including a summary of the artist along with an explanation of the ideas behind the work and an insight into how the image communicates its message. A much more comprehensive and informative book on illustration than other books on the market. | ||
| 520 | _aIllustration. | ||
| 520 | _aArtists. | ||
| 520 | _aDesign. | ||
| 650 | 7 |
_aGraphic arts. _2BUEsh |
|
| 650 | 7 |
_aIllustration of books. _2BUEsh |
|
| 653 |
_bGGEN _cJuly2020 |
||
| 655 |
_vReading book _934232 |
||
| 700 | 1 |
_aDavies, Jo, _eauthor. |
|
| 856 | 4 | 2 |
_3Contributor biographical information _uhttp://www.loc.gov/catdir/enhancements/fy1410/2013496998-b.html |
| 856 | 4 | 2 |
_3Publisher description _uhttp://www.loc.gov/catdir/enhancements/fy1410/2013496998-d.html |
| 906 |
_a7 _bcbc _ccopycat _d3 _encip _f20 _gy-gencatlg |
||
| 942 |
_2ddc _cBB |
||